• 首页
  • 本馆介绍
  • 公告通知
  • 最新文献
  • 馆藏检索
  • 电子资源
  • 读者导购
  • 参考咨询
  • 我的图书馆
  • 登录
  • 详细信息显示
  • 放入我的书架
  • 预约/预借图书
  • 作者相关作品
  • 分类相关作品
  • 丛书相关作品
  • 出版社相关作品

书目信息

  • 表格格式
  • 工作单格式
  • 卡片格式
题名:
微型无机化学实验
    
 
作者: 于涛 主编
分册:  
出版信息: 北京   北京理工大学出版社  2004
页数: 144页
开本: 26cm
丛书名:
单 册:
中图分类: O61-33
科图分类:
主题词: 无机化学--实验
电子资源:
ISBN: 7-5640-0335-9
000 01027nam0 2200301 450
000 00990nam0 2200289 450
000 00988nam0 2200301 450
000 00934nam0 2200277 450
000 00985nam0 2200265 450
000 00948nam0 2200253 45
001 TS-101584
005 20061208095424.40
010    @a7-5640-0335-9@dCNY14.00
100    @a20060829d20052004em y0chiy0120 ea
101 0  @achi
102    @aCN@b110000
105    @aa z 000yy
200 1  @a微型无机化学实验@AWei Xing Wu Ji Hua Xue Shi Yan@f于涛主编@FYu Tao Zhu Bian
210    @a北京@c北京理工大学出版社@d2004@h2005
215    @a144页@c图@d26cm
330    @a本书讲述了实验基本操作和基本常识,精选了27个涉及实验基本操作常识、基本操作与技能训练、元素及化合物性质等内容的实验。
606 0  @a无机化学@x实验
690    @aO61-33@v4
701  0 @a于涛@AYu Tao@4主编
801  0 @aCN@b中图数据@c20061208
905    @a10447@dO61-33@e119
    
    微型无机化学实验/于涛主编.-北京:北京理工大学出版社,2004(2005)
    144页:图;26cm
    
    
    ISBN 7-5640-0335-9:CNY14.00
    本书讲述了实验基本操作和基本常识,精选了27个涉及实验基本操作常识、基本操作与技能训练、元素及化合物性质等内容的实验。
●
相关链接 在E读中查询图书 在五车中查询图书 在当当中查询图书 在豆瓣中查询图书


正题名:微型无机化学实验     索取号:O61-33/119         预约/预借

序号 登录号 条形码 馆藏地/架位号 状态 备注
1 0610867   206108674   第二样本阅览室/ [索取号:O61-33/119] 在馆    
2 0610868   206108683   第三借阅区/ [索取号:O61-33/119] 在馆    
3 0610869   206108692   第三借阅区/ [索取号:O61-33/119] 在馆    
4 0610870   206108709   第三借阅区/ [索取号:O61-33/119] 在馆    
5 0610871   206108718   第三借阅区/ [索取号:O61-33/119] 在馆    
6 0610872   206108727   第三借阅区/ [索取号:O61-33/119] 在馆    
7 0610873   206108736   第三借阅区/ [索取号:O61-33/119] 在馆    
8 0610874   206108745   第三借阅区/ [索取号:O61-33/119] 在馆    
唐山师范学院图书馆 欢迎您!
大连网信软件有限公司© 版权所有